| 000 -LEADER |
| fixed length control field |
00629nam a22002177a 4500 |
| 003 - CONTROL NUMBER IDENTIFIER |
| control field |
OSt |
| 005 - DATE AND TIME OF LATEST TRANSACTION |
| control field |
20210419091756.0 |
| 008 - FIXED-LENGTH DATA ELEMENTS--GENERAL INFORMATION |
| fixed length control field |
201121s2017 ||||| |||| 00| 0 eng d |
| 020 ## - INTERNATIONAL STANDARD BOOK NUMBER |
| International Standard Book Number |
9781292160344 |
| 020 ## - INTERNATIONAL STANDARD BOOK NUMBER |
| International Standard Book Number |
1292160349 |
| 040 ## - CATALOGING SOURCE |
| Original cataloging agency |
eng |
| Language of cataloging |
eng |
| Transcribing agency |
DLC |
| 080 ## - UNIVERSAL DECIMAL CLASSIFICATION NUMBER |
| Universal Decimal Classification number |
54 |
| Item number |
B-90 |
| 100 ## - MAIN ENTRY--PERSONAL NAME |
| 9 (RLIN) |
244 |
| Personal name |
Bruice, Yurkanis Paula |
| 245 ## - TITLE STATEMENT |
| Title |
Organic Chemistry Global Edition |
| Statement of responsibility, etc. |
/ by: Pearson Education Limited |
| 250 ## - EDITION STATEMENT |
| Edition statement |
8th edition |
| Remainder of edition statement |
Global Edition |
| 260 ## - PUBLICATION, DISTRIBUTION, ETC. |
| Place of publication, distribution, etc. |
Edinburgh Gate, Harlow |
| Name of publisher, distributor, etc. |
Pearson Education Limited |
| Date of publication, distribution, etc. |
2017 |
| 300 ## - PHYSICAL DESCRIPTION |
| Extent |
1337 p. |
| Other physical details |
ill |
| 650 #0 - SUBJECT ADDED ENTRY--TOPICAL TERM |
| 9 (RLIN) |
137 |
| Topical term or geographic name entry element |
Chemistry |
| 650 #0 - SUBJECT ADDED ENTRY--TOPICAL TERM |
| 9 (RLIN) |
246 |
| Topical term or geographic name entry element |
Organic Chemistry |
| 942 ## - ADDED ENTRY ELEMENTS (KOHA) |
| Source of classification or shelving scheme |
|
| Koha item type |
Books |
| Edition |
8 |